Možnosti využitia informačných a komunikačných technológií v aktívnom procese získavania znalostí

Pojem manažment znalostí. Stratégia firmy v znalostnej ekonomike. Knowledge management a informačné prostredie v podnikateľskej sfére. Rozvinuté celofiremné informačné a znalostné centrum. Informačné a komunikačné technológie, ich využitie. Možné faktory ovplyvňujúce úspešnosť implementácie informač...

Descrizione completa

Salvato in:
Dettagli Bibliografici
Autore principale: Dugas, Jaroslav, 1967-
Altri autori: Čarnický, Štefan
Natura: Capitolo di libro
Lingua:slovacco
Soggetti:
Tags: Aggiungi Tag
Nessun Tag, puoi essere il primo ad aggiungerne!!

MARC

LEADER 00000nla$a2200000$$$4500
001 0113977
005 20240502072252.5
041 0 |a slo 
044 |a SK 
245 1 0 |a Možnosti využitia informačných a komunikačných technológií v aktívnom procese získavania znalostí  |c Jaroslav Dugas, Štefan Čarnický 
520 |a Pojem manažment znalostí. Stratégia firmy v znalostnej ekonomike. Knowledge management a informačné prostredie v podnikateľskej sfére. Rozvinuté celofiremné informačné a znalostné centrum. Informačné a komunikačné technológie, ich využitie. Možné faktory ovplyvňujúce úspešnosť implementácie informačných systémov. 
610 2 0 |a manažment 
610 2 0 |a riadenie znalostí 
610 2 0 |a systémy informačné 
610 2 0 |a efektívnosť ekonomická 
610 2 0 |a technológie informačné 
610 2 0 |a technológie komunikačné 
100 1 |a Dugas, Jaroslav, 1967- 
700 1 |a Čarnický, Štefan